| 000 | 00455nam a2200157 a 4500 | ||
|---|---|---|---|
| 001 | 000030324 | ||
| 005 | 20240619113636.0 | ||
| 008 | 110510s2004 dr a 000 0 spa d | ||
| 040 |
_aDO-SdBNP _bspa _cBNPHU |
||
| 082 |
_axxxx _bG861r |
||
| 100 | 1 |
_aGrimaldi Silié, Eleanor, _d1948- _985713 |
|
| 245 | 1 | 3 |
_aLa restauración / _cEleanor Grimaldi Silié. |
| 260 |
_aSanto Domingo : _bEl Siglo, _c[19--?]. |
||
| 300 |
_a31 p. : _bil. ; _c26 cm. |
||
| 049 | _aBNPD | ||
| 999 |
_c29816 _d29816 |
||